<?xml version="1.0" encoding="UTF-8"?>
<record
    xmlns:xsi="http://www.w3.org/2001/XMLSchema-instance"
    xsi:schemaLocation="http://www.loc.gov/MARC21/slim http://www.loc.gov/standards/marcxml/schema/MARC21slim.xsd"
    xmlns="http://www.loc.gov/MARC21/slim">

  <leader>03393nam a2200529Ii 4500</leader>
  <controlfield tag="001">DIGMECD0062</controlfield>
  <controlfield tag="003">NyNyDIG</controlfield>
  <controlfield tag="008">140829s2012    sp      ob    000 0 spa d</controlfield>
  <controlfield tag="006">m     o  d        </controlfield>
  <controlfield tag="007">cr |||||||||||</controlfield>
  <datafield tag="035" ind1=" " ind2=" ">
    <subfield code="a">(OCoLC)893890936</subfield>
  </datafield>
  <datafield tag="040" ind1=" " ind2=" ">
    <subfield code="a">DGITA</subfield>
    <subfield code="b">eng</subfield>
    <subfield code="e">rda</subfield>
    <subfield code="e">pn</subfield>
    <subfield code="c">DGITA</subfield>
  </datafield>
  <datafield tag="020" ind1=" " ind2=" ">
    <subfield code="a">9788436952926</subfield>
    <subfield code="q">libro electr&#xF3;nico</subfield>
    <subfield code="q">pdf</subfield>
  </datafield>
  <datafield tag="020" ind1=" " ind2=" ">
    <subfield code="a">8436952928</subfield>
    <subfield code="q">libro electr&#xF3;nico</subfield>
    <subfield code="q">pdf</subfield>
  </datafield>
  <datafield tag="020" ind1=" " ind2=" ">
    <subfield code="z">9788436949209</subfield>
    <subfield code="q">CD-ROOM</subfield>
  </datafield>
  <datafield tag="020" ind1=" " ind2=" ">
    <subfield code="z">843694920X</subfield>
    <subfield code="q">CD-ROOM</subfield>
  </datafield>
  <datafield tag="024" ind1="7" ind2=" ">
    <subfield code="a">030-12-030-7</subfield>
    <subfield code="q">libro electr&#xF3;nico</subfield>
    <subfield code="2">nipo</subfield>
  </datafield>
  <datafield tag="050" ind1="1" ind2="4">
    <subfield code="a">LB2831.826.S7 eBook</subfield>
  </datafield>
  <datafield tag="245" ind1="0" ind2="3">
    <subfield code="a">El liderazgo educativo :</subfield>
    <subfield code="b">los equipos directivos en centros de secundaria, elementos b&#xE1;sicos del &#xE9;xito escolar /</subfield>
    <subfield code="c">direcci&#xF3;n editorial del volumen... Joaqu&#xED;n Gair&#xED;n Sall&#xE1;n ; coordinaci&#xF3;n: Ma. Jos&#xE9; G&#xF3;mez Mate ; autores: Manuel &#xC1;lvarez Fern&#xE1;ndez [and eight others].</subfield>
  </datafield>
  <datafield tag="246" ind1="3" ind2="0">
    <subfield code="a">Equipos directivos en centros de secundaria, elementos b&#xE1;sicos del &#xE9;xito escolar</subfield>
  </datafield>
  <datafield tag="264" ind1=" " ind2="1">
    <subfield code="a">[Madrid] :</subfield>
    <subfield code="b">Ministerio de Educaci&#xF3;n, Cultura y Deportes, Ediciones del Instituto de Formaci&#xF3;n del Profesorado, Investigaci&#xF3;n e Innovaci&#xF3;n Educativa,</subfield>
    <subfield code="c">2012.</subfield>
  </datafield>
  <datafield tag="264" ind1=" " ind2="3">
    <subfield code="a">[Madrid] :</subfield>
    <subfield code="b">Ministerio de Educaci&#xF3;n, Cultura y Deportes, Secretar&#xED;a General T&#xE9;cnica, Subdirecci&#xF3;n General de Documentaci&#xF3;n y Publicaciones</subfield>
  </datafield>
  <datafield tag="300" ind1=" " ind2=" ">
    <subfield code="a">1 online resource (278 pages)</subfield>
  </datafield>
  <datafield tag="336" ind1=" " ind2=" ">
    <subfield code="a">text</subfield>
    <subfield code="b">txt</subfield>
    <subfield code="2">rdacontent</subfield>
  </datafield>
  <datafield tag="337" ind1=" " ind2=" ">
    <subfield code="a">computer</subfield>
    <subfield code="b">c</subfield>
    <subfield code="2">rdamedia</subfield>
  </datafield>
  <datafield tag="338" ind1=" " ind2=" ">
    <subfield code="a">online resource</subfield>
    <subfield code="b">cr</subfield>
    <subfield code="2">rdacarrier</subfield>
  </datafield>
  <datafield tag="490" ind1="1" ind2=" ">
    <subfield code="a">Conocimiento educativo. Aula permanente</subfield>
  </datafield>
  <datafield tag="490" ind1="1" ind2=" ">
    <subfield code="a">Innovaci&#xF3;n</subfield>
  </datafield>
  <datafield tag="504" ind1=" " ind2=" ">
    <subfield code="a">Includes bibliographical references.</subfield>
  </datafield>
  <datafield tag="505" ind1="0" ind2=" ">
    <subfield code="a">Gestionar la complejidad de los centros educativos / Joaqu&#xED;n Gair&#xED;n Sall&#xE1;an -- La direcci&#xF3;n esoclar en la perspectiva europea / Manuel &#xC1;lvarez Fern&#xE1;ndez -- La autodirecci&#xF3;n en la direcci&#xF3;n de los centros escoalres / Seraf&#xED;n Ant&#xFA;nez Marcos -- Departamentos y seminarios en centros de secundaria / Ma. Teresa Gonz&#xE1;lez Gonz&#xE1;lez -- &#xA1;No viaje sin referencias! &#xA1;Ponga autoevaluaci&#xF3;n en su centro! / Francisco Manuel Gago Rodr&#xED;guez -- Los planes de convivencia en los centros educativos / Pedro Mar&#xED;a Uru&#xF1;uela N&#xE1;jera -- La participaci&#xF3;n e implicaci&#xF3;n de las familias y alumnado en los centros de secundaria / Jos&#xE9; Luis San Fabi&#xE1;n Maroto -- Las competencias b&#xE1;sicas como lugar de encuentro / Juan L&#xF3;pez Mart&#xED;nez -- El trabajo en equipo de los equipos directivos / Manuel G&#xFC;ell Barcel&#xF3;.</subfield>
  </datafield>
  <datafield tag="588" ind1="0" ind2=" ">
    <subfield code="a">Online resource; title from ePub and PDF title page (Digitalia, viewed Aug. 22, 2014)</subfield>
  </datafield>
  <datafield tag="650" ind1=" " ind2="0">
    <subfield code="a">Educational leadership.</subfield>
  </datafield>
  <datafield tag="650" ind1=" " ind2="0">
    <subfield code="a">School administrators.</subfield>
  </datafield>
  <datafield tag="650" ind1=" " ind2="0">
    <subfield code="a">High schools</subfield>
    <subfield code="x">Administration.</subfield>
  </datafield>
  <datafield tag="655" ind1=" " ind2="0">
    <subfield code="a">Electronic books.</subfield>
  </datafield>
  <datafield tag="700" ind1="1" ind2=" ">
    <subfield code="a">Gair&#xED;n, J.,</subfield>
    <subfield code="e">editor,</subfield>
    <subfield code="e">author.</subfield>
  </datafield>
  <datafield tag="700" ind1="1" ind2=" ">
    <subfield code="a">G&#xF3;mez Mate, Mar&#xED;a Jos&#xE9;</subfield>
  </datafield>
  <datafield tag="700" ind1="1" ind2=" ">
    <subfield code="a">Alvarez, Manuel</subfield>
    <subfield code="q">(Alvarez Fern&#xE1;ndez),</subfield>
    <subfield code="e">author.</subfield>
  </datafield>
  <datafield tag="791" ind1="2" ind2=" ">
    <subfield code="a">Digitalia (Firm),</subfield>
    <subfield code="e">distributor.</subfield>
  </datafield>
  <datafield tag="793" ind1="0" ind2=" ">
    <subfield code="g">Digitalia eBook Collection:</subfield>
    <subfield code="a">Ministerio de Educaci&#xF3;n, Cultura y Deporte de Espa&#xF1;a</subfield>
  </datafield>
  <datafield tag="776" ind1="0" ind2="8">
    <subfield code="i">CD-ROM version:</subfield>
    <subfield code="t">Liderazgo educativo.</subfield>
    <subfield code="d">[Madrid] : Ministerio de Educaci&#xF3;n, Subdirecci&#xF3;n General de Documentaci&#xF3;n y Publicaciones, 2010</subfield>
    <subfield code="z">9788436949209</subfield>
  </datafield>
  <datafield tag="830" ind1=" " ind2="0">
    <subfield code="a">Conocimiento educativo.</subfield>
    <subfield code="p">Serie Aula permanente</subfield>
  </datafield>
  <datafield tag="830" ind1=" " ind2="0">
    <subfield code="a">Colecci&#xF3;n Innovaci&#xF3;n.</subfield>
  </datafield>
  <datafield tag="856" ind1="4" ind2="0">
    <subfield code="3">Digitalia Hisp&#xE1;nica</subfield>
    <subfield code="u">https://www.digitaliapublishing.com/a/17806/</subfield>
  </datafield>
  <datafield tag="910" ind1=" " ind2=" ">
    <subfield code="a">Premium Collection: 2014</subfield>
  </datafield>
  <datafield tag="942" ind1=" " ind2=" ">
    <subfield code="c">RAA</subfield>
  </datafield>
  <datafield tag="952" ind1=" " ind2=" ">
    <subfield code="0">0</subfield>
    <subfield code="1">0</subfield>
    <subfield code="4">0</subfield>
    <subfield code="7">0</subfield>
    <subfield code="8">DEH</subfield>
    <subfield code="a">BD-UIN</subfield>
    <subfield code="b">BD-UIN</subfield>
    <subfield code="d">2025-04-25</subfield>
    <subfield code="l">0</subfield>
    <subfield code="r">2025-04-25</subfield>
    <subfield code="w">2025-04-25</subfield>
    <subfield code="y">RAA</subfield>
  </datafield>
  <datafield tag="999" ind1=" " ind2=" ">
    <subfield code="c">235555</subfield>
    <subfield code="d">235555</subfield>
  </datafield>
</record>
